Word Ladder: Don't Let the Bedbugs Bite Quiz Stats

 Plays Quiz Updated Sep 28, 2014

Challenge
Share
Tweet
Embed
Score 0/26 Timer 03:00
1 Play Today
Clue 5-Letter Rung % Correct
Another bedtime comment: _____ dreamsSWEET
98.5%
Use profane languageSWEAR
97.2%
Extra tireSPARE
96.8%
Worry about the small stuffSWEAT
96.5%
''Star Trek'' characterSPOCK
95%
Two-in-one utensilSPORK
94.8%
Put into wordsSPEAK
94.7%
Primitive weaponSPEAR
94.6%
Icy precipitationSLEET
93.6%
Future mushroomSPORE
93.1%
Dust particleSPECK
93%
Spread the wealthSHARE
92%
First bedtime comment: _____ [Last Rung]SLEEP
84.8%
Clue 5-Letter Rung % Correct
Barbershop requestSHAVE
82.6%
Bleachers' featuresSEATS
78.2%
RhythmsBEATS
78.1%
Bed frame stripsSLATS
76.2%
Put in long hoursSLAVE
73.5%
List of candidatesSLATE
70%
First bedtime comment: [First Rung] _____TIGHT
69.2%
OutdoesBESTS
59.5%
Spanish kissesBESOS
46.5%
Had children, biblicallyBEGOT
42.4%
Intolerant sortBIGOT
42.3%
River bendBIGHT
36.4%
IntoxicateBESOT
36%

Today's Daily Dose

You're not logged in!

Compare scores with friends on all Sporcle quizzes.
OR
Log In

You Might Also Like...

Show Comments

Extras

Top Quizzes Today


Score Distribution

Your Account Isn't Verified!

In order to create a playlist on Sporcle, you need to verify the email address you used during registration. Go to your Sporcle Settings to finish the process.

Report this User

Report this user for behavior that violates our Community Guidelines.

Details: